| 000 | 00000nam 2200000zi 4500 |
| 001 | 9.928960 |
| 003 | CaOODSP |
| 005 | 20240129115017 |
| 006 | m o d f |
| 007 | cr cn||||||||| |
| 008 | 231017t20232023onca ob f000 0 fre d |
| 020 | |a9780660683287 |
| 040 | |aCaOODSP|bfre|erda|cCaOODSP |
| 043 | |an-cn--- |
| 086 | 1 |aHP5-168/2023F-PDF |
| 245 | 00|aQu'est-ce qui explique les iniquités en santé au Canada? |
| 264 | 1|a[Ottawa] : |bAgence de la santé publique du Canada = Public Health Agency of Canada, |c[2023] |
| 264 | 4|c©2023 |
| 300 | |a1 ressource en ligne (1 page) : |billustrations |
| 336 | |atexte|btxt|2rdacontent/fre |
| 337 | |ainformatique|bc|2rdamedia/fre |
| 338 | |aressource en ligne|bcr|2rdacarrier/fre |
| 500 | |aPublié aussi en anglais sous le titre : What drives health inequities in Canada? |
| 504 | |aComprend des références bibliographiques. |
| 650 | 6|aServices de santé|xAccessibilité|zCanada. |
| 650 | 6|aSanté publique|xAspect sanitaire|zCanada. |
| 650 | 6|aInégalité sociale|xAspect sanitaire|zCanada. |
| 710 | 2 |aAgence de santé publique du Canada, |eorganisme de publication. |
| 775 | 08|tWhat drives health inequities in Canada?|w(CaOODSP)9.928959 |
| 856 | 40|qPDF|s1.38 Mo|uhttps://publications.gc.ca/collections/collection_2024/aspc-phac/HP5-168-2023-fra.pdf |
| 986 | |a230498 |